Vladislav Suvák, Lívia Flachbartová, Pavol Sucharek: Care of the Self Ancient Problematizations of Life and Contemporary Thought
Salvato in:
| Autore principale: | |
|---|---|
| Altri autori: | |
| Natura: | Capitolo di libro |
| Lingua: | slovacco |
| Tags: |
Nessun Tag, puoi essere il primo ad aggiungerne!!
|
MARC
| LEADER | 00000naa a2200000 4500 | ||
|---|---|---|---|
| 001 | 0260516 | ||
| 005 | 20240502083744.6 | ||
| 041 | 0 | |a slo | |
| 044 | |a CZ | ||
| 245 | 1 | 0 | |a Vladislav Suvák, Lívia Flachbartová, Pavol Sucharek: Care of the Self Ancient Problematizations of Life and Contemporary Thought |c Zuzana Zelinová, František Škvrnda ml. |
| 100 | 1 | |a Zelinová, Zuzana | |
| 700 | 1 | |a Škvrnda, František, ml., 1987- | |